Atlantic 10 Logo Quiz - Statistics

General Stats
  • This quiz has been taken 17 times
  • The average score is 11 of 14
Answer Stats
Picture Answer % Correct
George Washington
100%
George Mason
93%
Loyola Chicago
93%
Rhode Island
93%
Richmond
93%
Saint Louis
93%
Dayton
87%
St. Bonaventure
80%
VCU
73%
Duquesne
67%
Fordham
67%
Davidson
60%
Saint Joseph's
53%
La Salle
33%
No matching quizzes found
Score Distribution
Percent of People with Each Score
Percentile by Number Answered
Your Score History
You have not taken this quiz